000 00450nam a22001457a 4500
005 20251104160017.0
008 251104b |||||||| |||| 00| 0 eng d
020 _a0132001969
050 _aTA168
_b.D48
245 _aDesign and Planning of Engineering Systems
_cDale D. Meredith et al.,
260 _aEnglewood Cliffs, New Jersey
_bPrentice-Hall, INC.
_c1973
300 _axvii. 393p.
_bill.
_c23.5cm
700 _aMeredith, Dale d.
942 _2lcc
_cBK
_n0
999 _c8022
_d8022